|
|
|
|
| LEADER |
01421nam a2200337 a 4500 |
| 001 |
15158522 |
| 003 |
BD-DhAAL |
| 005 |
20250203154407.0 |
| 008 |
090514s2009 ohua b 001 0 eng d |
| 010 |
|
|
|a 2008921832
|z 2007942361
|
| 020 |
|
|
|a 9780324585483
|
| 020 |
|
|
|a 0324585489
|
| 020 |
|
|
|a 0324660401
|
| 020 |
|
|
|a 0324660405
|
| 020 |
|
|
|a 9780324788907
|
| 040 |
|
|
|a DLC
|c DLC
|d DLC
|
| 082 |
0 |
0 |
|a 330.01/5195
|2 22
|
| 100 |
1 |
|
|a Wooldridge, Jeffrey M.,
|d 1960-
|
| 245 |
1 |
0 |
|a Introductory econometrics :
|b a modern approach /
|c Jeffrey M. Wooldridge.
|
| 250 |
|
|
|a Fourth edition.
|
| 260 |
|
|
|a Mason, OH :
|b South Western, Cengage Learning,
|c c2009.
|
| 300 |
|
|
|a xx, 865 p. :
|b ill. ;
|c 25 cm. +
|e 1 access code card.
|
| 500 |
|
|
|a Access code card to eResources: Data sets, Solutions manual, and EconApps included.
|
| 504 |
|
|
|a Includes bibliographical references and index.
|
| 526 |
|
|
|x Dr. Minhaj Mahmud,
Associate Professor
ESS
Course name and no. N/A
|
| 541 |
1 |
|
|e 00018538
|a Amazon.com
|
| 650 |
|
0 |
|a Econometrics.
|
| 852 |
4 |
|
|a Ayesha Abed Library
|j General Shelf.
|
| 942 |
|
|
|2 ddc
|c BK
|
| 999 |
|
|
|c 9048
|d 9048
|
| 952 |
|
|
|0 0
|1 0
|2 ddc
|4 0
|6 330_010000000000000_5195_WOO_2009
|7 0
|9 11204
|a BRACUL
|b BRACUL
|c GEN
|d 2010-06-23
|e Amazon.com
|f A
|g 5648.30
|l 17
|m 164
|o 330.015195 WOO
|p 3010018538
|r 2025-09-22
|s 2025-03-18
|t 1
|w 2010-06-23
|y BK
|x Requisitioned by Dr. Minhaj Mahmud, Associate Professor,ESS. Course name and no. N/A
|